000 01002nam a2200205 a 4500
008 120416s1997 xx |||||||||||||| || u
020 _a0750624272
050 _aHF 5415.153 Jon
100 _aJones, Tim
245 1 0 _aNew product development: an introduction to a multifunctional process
_cTim Jones
260 _a
_bButterworth-Heinemann
_c1997
300 _axv, 134 p. : ill.
350 _a0.00
650 _aTOURISM
650 _aNEW PRODUCTS--MANAGEMENT
650 _aPRODUCT MANAGEMENT
995 _aANNEX COLLECTION (Main Library)
_D0.00
_e733416
_FCBU-MAIN LIBRARY (Kitwe)
_H1
_I18.95
_jHF 5415.153 Jon
_M1
_UAVAILABLE
_y45274
_ZAnnex Low-Usage Collection
995 _aANNEX COLLECTION (Main Library)
_D0.00
_e733415
_FCBU-MAIN LIBRARY (Kitwe)
_H1
_I0.00
_jHF 5415.153 Jon
_M3
_UAVAILABLE
_WAug 10, 2007
_y45271
_ZAnnex Low-Usage Collection
995 _aMAIN LIBRARY OPEN ACCESS
_D0.00
_e730193
_FCBU-MAIN LIBRARY (Kitwe)
_H2
_I18.95
_jHF 5415.153 Jon
_M2
_UAVAILABLE
_y027237
_ZMain Library Open Access Collection
999 _c78787
_d78787